Антиохийский и Иерусалимский патриархаты в политике Российской империи (Запись № 10871419)
[ простой вид ]
| 000 -МАРКЕР | |
|---|---|
| контрольное поле | 02117nam0a2200385 i 4500 |
| 001 - ИДЕНТИФИКАТОР ЗАПИСИ | |
| контрольное поле | RU\NLR\BIBL_A\010980877 |
| 005 - ИДЕНТИФИКАТОР ВЕРСИИ | |
| контрольное поле | 20241105172020.0 |
| 010 ## - МЕЖДУНАРОДНЫЙ СТАНДАРТНЫЙ НОМЕР КНИГИ (ISBN) | |
| Номер (ISBN) | 9785916742725 |
| 035 ## - ДРУГИЕ СИСТЕМНЫЕ НОМЕРА | |
| Идентификатор записи | (NLR Aleph) 010980877 |
| 100 ## - ДАННЫЕ ОБЩЕЙ ОБРАБОТКИ | |
| Данные общей обработки | 20160212d2013 k y0rusy50 ca |
| 101 0# - ЯЗЫК РЕСУРСА | |
| Язык текста, звукозаписи и т.д. | русский |
| 102 ## - СТРАНА ПУБЛИКАЦИИ ИЛИ ПРОИЗВОДСТВА | |
| Страна публикации | российская федерация |
| 105 ## - ПОЛЕ КОДИРОВАННЫХ ДАННЫХ: ТЕКСТОВЫЕ МАТЕРИАЛЫ, МОНОГРАФИЧЕСКИЕ | |
| Кодированные данные о монографическом текстовом документе | y|||z|||000 |
| 200 1# - ЗАГЛАВИЕ И СВЕДЕНИЯ ОБ ОТВЕТСТВЕННОСТИ | |
| Основное заглавие | Антиохийский и Иерусалимский патриархаты в политике Российской империи |
| Параллельное заглавие | The Antioch and Jerusalem patriarchates in the policy of Russian Empire |
| Сведения, относящиеся к заглавию | 1830-е - начало XX века |
| Первые сведения об ответственности | М. И. Якушев |
| Последующие сведения об ответственности | [Фонд Святого Всехвального апостола Андрея Первозванного и др.] |
| Язык параллельного заглавия | английский |
| 210 ## - ПУБЛИКАЦИЯ, РАСПРОСТРАНЕНИЕ И ДР. | |
| Место издания, распространения и т.д. | Москва |
| Имя издателя, распространителя и т. д. | Индрик |
| Дата издания, распространения и т.д. | 2013 |
| 215 ## - ФИЗИЧЕСКАЯ ХАРАКТЕРИСТИКА | |
| Специфическое обозначение материала и объем | 534 с. |
| Размеры | 24 |
| 300 ## - ОБЩИЕ ПРИМЕЧАНИЯ | |
| Текст примечания | На обороте тит. л. авт.: М.И. Якушев, к.ист.н. |
| 300 ## - ОБЩИЕ ПРИМЕЧАНИЯ | |
| Текст примечания | Авт. также на англ. яз.: M. Yakushev |
| 300 ## - ОБЩИЕ ПРИМЕЧАНИЯ | |
| Текст примечания | В надзаг. на авантит. также: Моск. гос. ун-т им. М.В. Ломоносова, Ин-т стран Азии и Африки, Арх. внеш. политики Рос. империи, МИД России |
| 300 ## - ОБЩИЕ ПРИМЕЧАНИЯ | |
| Текст примечания | Рез. на англ. яз. |
| 320 ## - ПРИМЕЧАНИЯ О НАЛИЧИИ В ДОКУМЕНТЕ БИБЛИОГРАФИИ / УКАЗАТЕЛЯ | |
| Текст примечания | Библиогр.: с. 473-532 (950 назв.) и в подстроч. примеч. |
| 510 1# - ПАРАЛЛЕЛЬНОЕ ЗАГЛАВИЕ | |
| Связь между полями | z20790 |
| Параллельное заглавие | The Antioch and Jerusalem patriarchates in the policy of Russian Empire |
| Язык заглавия | английский |
| 601 02 - НАИМЕНОВАНИЕ ОРГАНИЗАЦИИ КАК ПРЕДМЕТ | |
| Начальный элемент ввода | Антиохийская православная церковь |
| Тематический подзаголовок | История |
| Системный номер авторитетной/нормативной записи | 2214358 |
| Идентификатор авторитетной/нормативной записи | RU\NLR\AUTH\661330054 |
| 601 02 - НАИМЕНОВАНИЕ ОРГАНИЗАЦИИ КАК ПРЕДМЕТ | |
| Начальный элемент ввода | Иерусалимская православная церковь |
| Системный номер авторитетной/нормативной записи | 2133593 |
| Идентификатор авторитетной/нормативной записи | RU\NLR\AUTH\661286860 |
| 686 2# - ИНДЕКСЫ ДРУГИХ КЛАССИФИКАЦИЙ | |
| Индекс | Э372.13 |
| 686 2# - ИНДЕКСЫ ДРУГИХ КЛАССИФИКАЦИЙ | |
| Индекс | Э372.17 |
| 700 #1 - ИМЯ ЛИЦА - ПЕРВИЧНАЯ ОТВЕТСТВЕННОСТЬ | |
| Графика поля | Кириллица |
| Материалы, к которым относится поле | rus |
| Начальный элемент ввода | Якушев |
| Часть имени, кроме начального элемента ввода | М. И. |
| Расширение инициалов личного имени | Михаил Ильич |
| Системный номер авторитетной/нормативной записи | 162739 |
| Идентификатор авторитетной/нормативной записи | RU\NLR\AUTH\770162783 |
| 790 #1 - ИМЯ ЛИЦА - АЛЬТЕРНАТИВНАЯ ФОРМА | |
| Графика поля | Латинская |
| Материалы, к которым относится поле | rus |
| Начальный элемент ввода | Jakušev |
| Часть имени, кроме начального элемента ввода | M. I. |
| Расширение инициалов личного имени | Michail Il'ič |
| Системный номер авторитетной/нормативной записи | 162740 |
| Идентификатор авторитетной/нормативной записи | RU\NLR\AUTH\770162784 |
| 942 ## - ДОПОЛНИТЕЛЬНЫЕ ЭЛЕМЕНТЫ ЗАПИСИ (АБИС) | |
| Тип экземпляра АБИС | Книга |
| 980 ## - КОЛЛЕКЦИЯ | |
| Название коллекции | НБР |
Нет доступных экземпляров.